| 000 | 00536nam a22001817a 4500 | ||
|---|---|---|---|
| 003 | CEME | ||
| 005 | 20210628203322.0 | ||
| 008 | 210304b xxu||||| |||| 00| 0 eng d | ||
| 020 | _a0-471-44678-5 | ||
| 040 | _c. | ||
| 082 | _a621.3822 VAN | ||
| 100 |
_aVan Trees, Harry.L _964690 |
||
| 245 | _aNonlinear modulation theory, detection, estimation, and modulation theory.part-ii | ||
| 260 |
_aNEW YORK _bJOHN WILEY _c2001 |
||
| 300 | _aXVIII,349P | ||
| 650 |
_aMODULATION THEORY.NONLINEAR MODULATION THEORY _964691 |
||
| 942 |
_cBK _2ddc |
||
| 999 |
_c573110 _d573110 |
||